| 000 | 00625cam a2200145 4500500 | ||
|---|---|---|---|
| 005 | 20260208010150.0 | ||
| 041 | _afre | ||
| 042 | _adc | ||
| 100 | 1 | 0 |
_aRey, Pierre-Louis _eauthor |
| 245 | 0 | 0 | _aSERGE MARTIN, Les Cahiers du Chemin (1967-1977) de Georges Lambrichs. Poétique d’une revue littéraire. Paris, Honoré Champion, 2013. Un vol. de 220 p. |
| 260 | _c2014. | ||
| 500 | _a28 | ||
| 786 | 0 | _nRevue d'histoire littéraire de la France | 114 | 2 | 2014-04-14 | p. 460u-495u | 0035-2411 | |
| 856 | 4 | 1 | _uhttps://shs.cairn.info/revue-d-histoire-litteraire-de-la-france-2014-2-page-460u?lang=fr&redirect-ssocas=7080 |
| 999 |
_c1655388 _d1655388 |
||